Statistiques concernant 7 Perso - 1 Pts Commun - Harry Potter #7

Cliquez ici pour prendre le quiz!

Statistiques générales

  • Ce quiz a été pris 240 fois
  • Le résultat moyen est 3 sur 7

Statistiques - réponses

Personnages% Correct
Bellatrix Lestrange
94%
Lucius Malefoy
87%
Barty Croupton Jr
35%
Sirius Black
30%
Rabastan Lestrange
18%
Évadés d'Azkaban
7%
Mulciber
7%

Distribution des résultats

Percentile par nombre de réponses

% des personnes avec chaque résultat

Votre développement - résultats

Vous n’avez pas pris ce quiz